| 000 | 00564nam a22001817a 4500 | ||
|---|---|---|---|
| 003 | CEME | ||
| 005 | 20210628205528.0 | ||
| 008 | 210308b xxu||||| |||| 00| 0 eng d | ||
| 020 | _a1-56091-903-5 | ||
| 040 | _c. | ||
| 082 | _a629.23 FEN'H | ||
| 100 |
_aFenton, John _912270 |
||
| 245 | _aHandbook of vehicle design analysis | ||
| 260 |
_aUSA _bSAE _c1999 |
||
| 300 | _a755P | ||
| 650 |
_aVEHICLE BODY CONSTRUCTION VEHICLE BODY FITTING AND CONTROL MILITARY VEHICLE DESIGN,428 ELECTRIC VEHICLES SOLAR VEHICLES,568 BRAKING SYSTEMS,684 _975898 |
||
| 942 |
_cBK _2ddc |
||
| 999 |
_c581310 _d581310 |
||